01073 2200253 4500001002100000005001500021035002000036007000300056008004100059100006400100245013500164260004400299300002900343650002100372650001400393650002400407650001600431082000700447500030700454084001100761700001600772700001400788990001700802INLIS00000000000559020250515105619 a0010-1224000005ta250515 g 0 dut  aKONINKLIJKE NATUURKUNDIGE VEREENIGING IN NEDERLANDSCH-INDIE1 aNatuurkundig Tijdschrift voor Nederlandsch-Indie. Deel LXXIX (79): Eerste Aflevering; und Derde Aflevering /cJ. Boerema, C. Braak aWeltevreden :bBoekhandel Visser,c1919 a268 p. :bill. ;c24 cm. 4aPHYSICAL SCIENCE 4aINDONESIA 4aSCIENTIFIC JOURNALS 4aINDONESIANA a53 aJilid 79, Bagian 1, 1919/ Editor, J. Boerema; Terdiri dari 14 artikel.-- Jilid 79 Bagian 2, 1920/Editor C. Braak; Berisi laporan-laporan rapat dewan Koninklijke Natuurkundige Vereeniging in Nederlandsch-Indie selama periode 1919.-- Selesai digitasi.-- Berkas digital lengkap tersedia pada Drive PUSTAKA aSr. 531 aBOEREMA, J.1 aBRAAK, C. a0005/KA/2025